PC TOOLS verze 7 Obnova dat a Systémové utility

Saved in:
Bibliographic Details
Format: Book
Language:Czech
Published: Slušovice SWS Software 1992
Edition:1. vyd.
Tags: Add Tag
No Tags, Be the first to tag this record!

MARC

LEADER 00000nam a2200000 4500
001 c001714
005 20240201131221.4
041 0 |a cze 
044 |a CZ 
245 1 0 |a PC TOOLS verze 7  |b Obnova dat a Systémové utility 
250 |a 1. vyd. 
264 1 |a Slušovice  |b SWS Software  |c 1992 
300 |a 220 s.